Už nielen hudba budúcnosti Rozvoj biotechnológií v potravinárskom priemysle

Bibliographic Details
Main Authors: Szokolay, Alexander, 1925-2019 (Author), Topercer, Emil, 1951- (Author)
Format: Article
Language:Slovak
Subjects:

MARC

LEADER 00000nab a2200000 a 4500
001 vtls000246678
003 SK-MaSNL
005 20260303183557.0
008 111130c1986 xo 0 slo
015 |a SNBRB19rr/mm-uuuuu 
035 |a CL0256792 
040 |a SNKBUCL  |b slo  |c SNKBUCL  |e AACR2 
041 0 |a slo 
044 |a xo  |c SK 
080 |a 663.18:579.66  |2 1981 
080 |a 579.66  |2 1981 
100 1 |a Szokolay, Alexander,  |d 1925-2019  |4 aut  |9 207866 
245 1 0 |a Už nielen hudba budúcnosti  |b Rozvoj biotechnológií v potravinárskom priemysle  |c Alexander Szokolay, Emil Topercer 
610 2 7 |a Biotechnologické centrum pre potravinárstvo (Modra, Slovensko)  |2 snkbucl  |2 snkbucl  |9 922009 
650 0 7 |a potravinársky priemysel  |2 snkbucl  |9 974 
655 7 |a články z novín a časopisov  |2 snkbucl  |9 267496 
700 1 |a Topercer, Emil,  |d 1951-  |4 aut  |9 37217 
773 0 |t Roľnícke noviny  |g Roč. 41, č. 109 (12. 5. 1986), s. 3 
850 |a Slovenská národná knižnica v Martine  |a MTA001 
852 |a SNK  |b KIS3GCP 
958 |a RK 
958 |a ME 
992 |a RBX 
999 |c 2122011  |d 2123941